Origen de los inquilinos de Chile central

Saved in:
Bibliographic Details
Main Author: Góngora del Campo, Mario (autor)
Format: Book
Language:Spanish
Published: Santiago, Chile Universitaria 1960
Subjects:
Tags: Add Tag
No Tags, Be the first to tag this record!

MARC

LEADER 00000nam a2200000 a 4500
001 UCP9789
003 CL-VaPUC
005 20240313123608.0
008 000407e19600000CL |||||||||||||||||spa|d
999 |c 286572  |d 286570 
040 |c Pontificia Universidad Católica de Valparaíso 
082 0 4 |a 983.03 GON 1960  |2 21 
100 |a Góngora del Campo, Mario  |e autor  |9 589641 
245 1 0 |a Origen de los inquilinos de Chile central 
260 |a Santiago, Chile  |b Universitaria  |c 1960 
300 |a 168 páginas 
583 |a last modification  |c 20161003 11:54:41  |k Rodrigo Vera 
650 0 |a Historia de Chile  |9 265473 
650 0 |a Epoca colonial   |z CHILE  |9 352022 
650 0 |a REFORMA AGRARIA  |z CHILE  |9 256789 
650 7 |a DERECHO AGRARIO  |2 CL-VaPUC  |9 321361  |z CHILE 
650 7 |a TENENCIA DE LA TIERRA  |2 CL-VaPUC  |9 264417  |z CHILE 
650 0 |a Derecho civil  |z CHILE  |9 255013 
650 7 |a INDIGENAS  |2 CL-VaPUC  |9 258588  |z CHILE 
852 |a BIBCUR 
942 |c BK  |2 ddc 
945 |d 20000407 00:00:00  |a lriquelm 
952 |0 0  |1 0  |2 ddc  |4 0  |6 983_030000000000000_GON_1960  |7 0  |8 A  |9 332576  |a BIBHIS  |b BIBHIS  |d 2019-11-20  |i 1254871  |l 2  |o 983.03 GON 1960  |p 1254871  |r 2025-01-20  |s 2024-04-18  |t 1  |w 2019-11-20  |y BK  |k HIS 
952 |0 0  |1 0  |2 ddc  |4 0  |6 983_030000000000000_GON_1960  |7 0  |8 A  |9 332577  |a BIBHIS  |b BIBHIS  |d 2019-11-20  |i 125488K  |o 983.03 GON 1960  |p 125488K  |r 2025-01-20  |t 2  |w 2019-11-20  |y BK  |k HIS